000 01087nac a22003737a 4500
001 BR0805944
003 BR-BrBNA
005 20240105123654.0
008 230509b bl.|||m| |||| 00| 0 por d
040 _aBR-BrBNA
_bpor
_cBiblioteca Nacional de Agricultura
072 _aH20
090 _a3385 BR0805944
100 1 _aBenchimol, R.L.
100 1 _aPoltronieri, L.S.
100 1 _aVerzignassi, J.R.
100 1 _aRodrigues, E. do S.F.
100 1 _aPereira, E.C.S.
110 1 _aEMBRAPA Amazônia Oriental, Belém, PA (Brasil)
245 1 _aMancha foliar da roseira no Nordeste Paraense
260 3 _aBelém, PA (Brasil):
_c2005.
300 _a2 p.
490 _aComunicado Técnico - EMBRAPA Amazônia Oriental (Brazil)
_vno. 154
_xISSN 1517-2244
500 _a7 ref.
650 _aROSA
650 _aPLANTA ORNAMENTAL
650 _aDOENÇA DE PLANTA
650 _aPATÓGENO
650 _aMANCHA FOLIAR
650 _aFUNGO
650 _aFUNGICIDA
650 _aPULVERIZAÇÃO
909 _a202312
_bLúcia Elande
_c55
_dLúcia Elande
942 _2AGRIS
_n0
_cMS
999 _c296475
_d296475